Southville International School and Colleges
Your cart is empty.
  • Cart
  • Lists
    Public lists Eva Luna New books Lux_list list_1
    Your lists Log in to create your own lists
  • Log in to your account
  • Your cookies
  • Search history
Southville International School and Colleges
  • Advanced search
  • Recent comments
  • Most popular
  • Libraries

Log in to your account

Log in with GOOGLE


If you do not have an external account, but do have a local account, you can still log in:

  1. Home
  2. MARC view: The writing coach:
Normal view MARC view ISBD view

The writing coach: (Record no. 2754)

[ view plain ]
MARC details
000 -LEADER
fixed length control field 00782nam a22002297a 4500
003 - CONTROL NUMBER IDENTIFIER
control field OSt
005 - DATE AND TIME OF LATEST TRANSACTION
control field 20140310181740.0
008 - FIXED-LENGTH DATA ELEMENTS--GENERAL INFORMATION
fixed length control field 130322t xxu||||| |||| 00| 0 eng d
020 ## - INTERNATIONAL STANDARD BOOK NUMBER
International Standard Book Number 0921217862
050 ## - LIBRARY OF CONGRESS CALL NUMBER
Classification number LB 1631
Item number .G73 1992
082 ## - DEWEY DECIMAL CLASSIFICATION NUMBER
Classification number LB1631.
Item number G73 1992
100 ## - MAIN ENTRY--PERSONAL NAME
Personal name Grant, Janet E.
9 (RLIN) 1204
245 ## - TITLE STATEMENT
Title The writing coach:
Remainder of title strategies for helping students develop their own writing voice /
Statement of responsibility, etc Janet E. Grant
260 ## - PUBLICATION, DISTRIBUTION, ETC. (IMPRINT)
Place of publication, distribution, etc Ontario:
Name of publisher, distributor, etc Pembroke Publishers Ltd.,
Date of publication, distribution, etc c1992
300 ## - PHYSICAL DESCRIPTION
Extent 95 p. :
Dimensions 23 cm.
521 ## - TARGET AUDIENCE NOTE
Target audience note
541 ## - IMMEDIATE SOURCE OF ACQUISITION NOTE
-- 1
562 ## - COPY AND VERSION IDENTIFICATION NOTE
Number of copies 1
650 ## - SUBJECT ADDED ENTRY--TOPICAL TERM
Topical term or geographic name as entry element English Language
General subdivision composition and exercises- study and teaching
9 (RLIN) 1205
650 ## - SUBJECT ADDED ENTRY--TOPICAL TERM
Topical term or geographic name as entry element English Language
General subdivision composition and exercises-study and teaching(secondary)
9 (RLIN) 1206
942 ## - ADDED ENTRY ELEMENTS (KOHA)
Source of classification or shelving scheme Library of Congress Classification
Koha item type
Call number prefix
Holdings
Withdrawn status Lost status Source of classification or shelving scheme Damaged status Home library Current library Shelving location Date acquired Total Checkouts Full call number Barcode Date last seen Copy number Price effective from Koha item type
    Library of Congress Classification   Luxembourg Library Luxembourg Library Teachers Reference Section 03/22/2013   LB 1631 .G73 1992 7510 08/13/2013 1 10/03/2013 Books

The writing coach:

APA

Grant J. E., . (1992). The writing coach. Ontario: Pembroke Publishers Ltd.

Chicago

Grant Janet E, . 1992. The writing coach. Ontario: Pembroke Publishers Ltd.

Harvard

Grant J. E., . (1992). The writing coach. Ontario: Pembroke Publishers Ltd.

MLA

Grant Janet E, . The writing coach. Ontario: Pembroke Publishers Ltd. 1992.

  • Place hold
  • Print
  • Cite
  • Add to your cart (remove)
  • Save record
    BIBTEX Dublin Core MARCXML MARC (non-Unicode/MARC-8) MARC (Unicode/UTF-8) MARC (Unicode/UTF-8, Standard) MODS (XML) RIS
  • More searches
    Search for this title in:
    Other Libraries (WorldCat) Other Databases (Google Scholar) Online Stores (Bookfinder.com) Open Library (openlibrary.org)

Exporting to Dublin Core...

SOUTHVILLE LIBRARY

Southville International School and Colleges Library

1281 Tropical Ave. Cor. Luxembourg St., BF Homes International, Las Pinas City

Tel. No. 8256374 / 252358 Loc. 117/146

Powered by Koha